LEADER 01422nlm0 2200313 450 001 000027758 005 20131029115823.0 100 $a20100923d2008----km-y0itay50------ba 101 0 $aita 102 $aIT 105 $a--------001cy 135 $adoug----uuuuu 200 1 $a<>nuovo sistema di telerilevamento del movimento per la prevenzione e la riabilitazione del trauma sportivo$brisorsa elettronica$ftesi di dottorato di: Valeria Agosti$gtutor: Giuseppe Sorrentino 210 $aNapoli$d2008 215 $a1 disco ottico (CD-ROM)$d12 cm 230 $aDati testuali (1 file : 3027 Kb) 304 $aTit. dell'etichetta 314 $aCoordinatore: Giuseppe Sorrentino 328 $aTesi di dottorato. Scienze del movimento umano e della salute, [2007-2008] (21. ciclo) : Università degli studi di Napoli "Parthenope" 337 $aRequisiti minimi del sistema: Windows 500 10$a<>nuovo sistema di telerilevamento del movimento per la prevenzione e la riabilitazione del trauma sportivo$941750 610 1 $aTraumatologia sportiva 676 $a617.1027$v21$9Lesioni da sport 700 1$aAgosti,$bValeria$0633917 801 0$aIT$bUNIPARTHENOPE$gRICA$2UNIMARC 912 $a000027758 951 $aTesi Dottorato CD-ROM/10$bs.i.$cNAVA1$d20100923 996 $aNuovo sistema di telerilevamento del movimento per la prevenzione e la riabilitazione del trauma sportivo$941750 997 $aUNIPARTHENOPE LEADER 00960nam0-22003011i-450- 001 990004347810403321 005 20050408115139.0 010 $a3-325-35963-2 035 $a000434781 035 $aFED01000434781 035 $a(Aleph)000434781FED01 035 $a000434781 100 $a19990604d1974----km-y0itay50------ba 101 0 $ager 105 $ay-------001yy 200 1 $aBevolkerung in der industriellen Revolution$eStudien zur Bevolkerungsgeschichte Deutschlands$fvon Wolfgang Kollmann 210 $aGottingen$cVandenhoeck und Ruprecht$d1974. 215 $a285 p.$d24 cm 225 1 $aKritische Studien zur Geschichtswissenschaft$v12 676 $a909.81$v21$zita 700 1$aKollmann,$bWolfgang$0173584 801 0$aIT$bUNINA$gRICA$2UNIMARC 901 $aBK 912 $a990004347810403321 952 $a909.81 KOL 1$bI.st.r.c.1768$fFLFBC 959 $aFLFBC 996 $aBevolkerung in der industriellen Revolution$9486024 997 $aUNINA